Delinquent-prone communities (Record no. 20062)
[ view plain ]
| 000 -LEADER | |
|---|---|
| fixed length control field | 01593nam a22003974a 4500 |
| 082 04 - DEWEY DECIMAL CLASSIFICATION NUMBER | |
| Classification number | 364.36/09944 |
| 100 1# - MAIN ENTRY--AUTHOR NAME | |
| Personal name | Weatherburn, Donald James. |
| 245 10 - TITLE STATEMENT | |
| Title | Delinquent-prone communities |
| 260 ## - PUBLICATION, DISTRIBUTION, ETC. (IMPRINT) | |
| Place of publication | Cambridge, UK ; |
| -- | New York, N.Y., USA : |
| Name of publisher | Cambridge University Press, |
| Year of publication | 2001. |
| 300 ## - PHYSICAL DESCRIPTION | |
| Number of Pages | x, 211 p. : |
| Other physical details | ill. |
| 490 1# - SERIES STATEMENT | |
| Series statement | Cambridge criminology series |
| 650 #0 - SUBJECT ADDED ENTRY--TOPICAL TERM | |
| Topical Term | Juvenile delinquency |
| Topical Term | Juvenile delinquency. |
| Topical Term | Crime |
| Topical Term | Crime. |
| Topical Term | Juvenile delinquents |
| Topical Term | Juvenile delinquents |
| Topical Term | Community life. |
| 700 1# - ADDED ENTRY--PERSONAL NAME | |
| Personal name | Lind, Bronwyn. |
| 856 40 - ELECTRONIC LOCATION AND ACCESS | |
| Uniform Resource Identifier | http://site.ebrary.com/lib/rucke/Doc?id=5007889 |
No items available.
